All Pokémon Locations - Statistics

General Stats
  • This quiz has been taken 271 times
  • The average score is 769 of 1507
Answer Stats
Games Region Location % Correct
Red, Green, Blue, Yellow Kanto Pallet Town
95%
Gold, Silver, Crystal Kanto Pallet Town
95%
FireRed, LeafGreen Kanto Pallet Town
95%
Heart Gold, Soul Silver Kanto Pallet Town
95%
Let's Go, Pikachu, Let's Go, Eevee Kanto Pallet Town
95%
Red, Green, Blue, Yellow Kanto Route 1
94%
Gold, Silver, Crystal Kanto Route 1
94%
FireRed, LeafGreen Kanto Route 1
94%
Heart Gold, Soul Silver Kanto Route 1
94%
Black, White Unova Route 1
94%
Black 2, White 2 Unova Route 1
94%
Sun, Moon Alola Route 1
94%
Ultra Sun, Ultra Moon Alola Route 1
94%
Let's Go, Pikachu, Let's Go, Eevee Kanto Route 1
94%
Sword, Shield Galar Route 1
94%
X, Y Kalos Route 1, Vaniville Pathway
94%
Red, Green, Blue, Yellow Kanto Route 2
93%
Gold, Silver, Crystal Kanto Route 2
93%
FireRed, LeafGreen Kanto Route 2
93%
Heart Gold, Soul Silver Kanto Route 2
93%
Black, White Unova Route 2
93%
Black 2, White 2 Unova Route 2
93%
Sun, Moon Alola Route 2
93%
Ultra Sun, Ultra Moon Alola Route 2
93%
Let's Go, Pikachu, Let's Go, Eevee Kanto Route 2
93%
Sword, Shield Galar Route 2
93%
X, Y Kalos Route 2, Avance Trail
93%
Red, Green, Blue, Yellow Kanto Route 3
93%
Gold, Silver, Crystal Kanto Route 3
93%
FireRed, LeafGreen Kanto Route 3
93%
Heart Gold, Soul Silver Kanto Route 3
93%
Black, White Unova Route 3
93%
Black 2, White 2 Unova Route 3
93%
Sun, Moon Alola Route 3
93%
Ultra Sun, Ultra Moon Alola Route 3
93%
Let's Go, Pikachu, Let's Go, Eevee Kanto Route 3
93%
Sword, Shield Galar Route 3
93%
Red, Green, Blue, Yellow Kanto Route 5
93%
Gold, Silver, Crystal Kanto Route 5
93%
FireRed, LeafGreen Kanto Route 5
93%
Heart Gold, Soul Silver Kanto Route 5
93%
Black, White Unova Route 5
93%
Black 2, White 2 Unova Route 5
93%
Sun, Moon Alola Route 5
93%
Ultra Sun, Ultra Moon Alola Route 5
93%
Let's Go, Pikachu, Let's Go, Eevee Kanto Route 5
93%
Sword, Shield Galar Route 5
93%
X, Y Kalos Route 5, Versant Road
93%
Red, Green, Blue, Yellow Kanto Route 10
92%
Gold, Silver, Crystal Kanto Route 10
92%
FireRed, LeafGreen Kanto Route 10
92%
Heart Gold, Soul Silver Kanto Route 10
92%
Black, White Unova Route 10
92%
Sun, Moon Alola Route 10
92%
Ultra Sun, Ultra Moon Alola Route 10
92%
Let's Go, Pikachu, Let's Go, Eevee Kanto Route 10
92%
Sword, Shield Galar Route 10
92%
X, Y Kalos Route 10, Menhir Trail
92%
X, Y Kalos Route 3, Ouvert Way
92%
Red, Green, Blue, Yellow Kanto Route 4
92%
Gold, Silver, Crystal Kanto Route 4
92%
FireRed, LeafGreen Kanto Route 4
92%
Heart Gold, Soul Silver Kanto Route 4
92%
Black, White Unova Route 4
92%
Black 2, White 2 Unova Route 4
92%
Sun, Moon Alola Route 4
92%
Ultra Sun, Ultra Moon Alola Route 4
92%
Let's Go, Pikachu, Let's Go, Eevee Kanto Route 4
92%
Sword, Shield Galar Route 4
92%
X, Y Kalos Route 4, Parterre Way
92%
Red, Green, Blue, Yellow Kanto Route 6
92%
Gold, Silver, Crystal Kanto Route 6
92%
FireRed, LeafGreen Kanto Route 6
92%
Heart Gold, Soul Silver Kanto Route 6
92%
Black, White Unova Route 6
92%
Black 2, White 2 Unova Route 6
92%
Sun, Moon Alola Route 6
92%
Ultra Sun, Ultra Moon Alola Route 6
92%
Let's Go, Pikachu, Let's Go, Eevee Kanto Route 6
92%
Sword, Shield Galar Route 6
92%
X, Y Kalos Route 6, Palais Lane
92%
Red, Green, Blue, Yellow Kanto Route 7
92%
Gold, Silver, Crystal Kanto Route 7
92%
FireRed, LeafGreen Kanto Route 7
92%
Heart Gold, Soul Silver Kanto Route 7
92%
Black, White Unova Route 7
92%
Black 2, White 2 Unova Route 7
92%
Sun, Moon Alola Route 7
92%
Ultra Sun, Ultra Moon Alola Route 7
92%
Let's Go, Pikachu, Let's Go, Eevee Kanto Route 7
92%
Sword, Shield Galar Route 7
92%
X, Y Kalos Route 7, Rivière Walk
92%
Red, Green, Blue, Yellow Kanto Route 8
92%
Gold, Silver, Crystal Kanto Route 8
92%
FireRed, LeafGreen Kanto Route 8
92%
Heart Gold, Soul Silver Kanto Route 8
92%
Black, White Unova Route 8
92%
Black 2, White 2 Unova Route 8
92%
Sun, Moon Alola Route 8
92%
Ultra Sun, Ultra Moon Alola Route 8
92%
Let's Go, Pikachu, Let's Go, Eevee Kanto Route 8
92%
Sword, Shield Galar Route 8
92%
X, Y Kalos Route 8, Muraille Coast
92%
Sword, Shield Galar Steamdrift Way
92%
Red, Green, Blue, Yellow Kanto Route 11
91%
Gold, Silver, Crystal Kanto Route 11
91%
FireRed, LeafGreen Kanto Route 11
91%
Heart Gold, Soul Silver Kanto Route 11
91%
Black, White Unova Route 11
91%
Black 2, White 2 Unova Route 11
91%
Sun, Moon Alola Route 11
91%
Ultra Sun, Ultra Moon Alola Route 11
91%
Let's Go, Pikachu, Let's Go, Eevee Kanto Route 11
91%
X, Y Kalos Route 11, Miroir Way
91%
X, Y Kalos Route 13, Lumiose Badlands
91%
Red, Green, Blue, Yellow Kanto Route 17
91%
Gold, Silver, Crystal Kanto Route 17
91%
FireRed, LeafGreen Kanto Route 17
91%
Heart Gold, Soul Silver Kanto Route 17
91%
Let's Go, Pikachu, Let's Go, Eevee Kanto Route 17
91%
Red, Green, Blue, Yellow Kanto Route 9
91%
Gold, Silver, Crystal Kanto Route 9
91%
FireRed, LeafGreen Kanto Route 9
91%
Heart Gold, Soul Silver Kanto Route 9
91%
Black, White Unova Route 9
91%
Black 2, White 2 Unova Route 9
91%
Sun, Moon Alola Route 9
91%
Ultra Sun, Ultra Moon Alola Route 9
91%
Let's Go, Pikachu, Let's Go, Eevee Kanto Route 9
91%
Sword, Shield Galar Route 9
91%
X, Y Kalos Route 9, Spikes Passage
91%
Red, Green, Blue, Yellow Kanto Pewter City
90%
Gold, Silver, Crystal Kanto Pewter City
90%
FireRed, LeafGreen Kanto Pewter City
90%
Heart Gold, Soul Silver Kanto Pewter City
90%
Let's Go, Pikachu, Let's Go, Eevee Kanto Pewter City
90%
Red, Green, Blue, Yellow Kanto Route 12
90%
Gold, Silver, Crystal Kanto Route 12
90%
FireRed, LeafGreen Kanto Route 12
90%
Heart Gold, Soul Silver Kanto Route 12
90%
Black, White Unova Route 12
90%
Black 2, White 2 Unova Route 12
90%
Sun, Moon Alola Route 12
90%
Ultra Sun, Ultra Moon Alola Route 12
90%
Let's Go, Pikachu, Let's Go, Eevee Kanto Route 12
90%
X, Y Kalos Route 12, Fourrage Road
90%
Red, Green, Blue, Yellow Kanto Route 13
90%
Gold, Silver, Crystal Kanto Route 13
90%
FireRed, LeafGreen Kanto Route 13
90%
Heart Gold, Soul Silver Kanto Route 13
90%
Black, White Unova Route 13
90%
Black 2, White 2 Unova Route 13
90%
Sun, Moon Alola Route 13
90%
Ultra Sun, Ultra Moon Alola Route 13
90%
Let's Go, Pikachu, Let's Go, Eevee Kanto Route 13
90%
Red, Green, Blue, Yellow Kanto Route 15
90%
Gold, Silver, Crystal Kanto Route 15
90%
FireRed, LeafGreen Kanto Route 15
90%
Heart Gold, Soul Silver Kanto Route 15
90%
Black, White Unova Route 15
90%
Black 2, White 2 Unova Route 15
90%
Sun, Moon Alola Route 15
90%
Ultra Sun, Ultra Moon Alola Route 15
90%
Let's Go, Pikachu, Let's Go, Eevee Kanto Route 15
90%
X, Y Kalos Route 15, Brun Way
90%
Red, Green, Blue, Yellow Kanto Route 16
90%
Gold, Silver, Crystal Kanto Route 16
90%
FireRed, LeafGreen Kanto Route 16
90%
Heart Gold, Soul Silver Kanto Route 16
90%
Black, White Unova Route 16
90%
Black 2, White 2 Unova Route 16
90%
Sun, Moon Alola Route 16
90%
Ultra Sun, Ultra Moon Alola Route 16
90%
Let's Go, Pikachu, Let's Go, Eevee Kanto Route 16
90%
X, Y Kalos Route 16, Mélancolie Path
90%
Red, Green, Blue, Yellow Kanto Route 18
90%
Gold, Silver, Crystal Kanto Route 18
90%
FireRed, LeafGreen Kanto Route 18
90%
Heart Gold, Soul Silver Kanto Route 18
90%
Black, White Unova Route 18
90%
Black 2, White 2 Unova Route 18
90%
Let's Go, Pikachu, Let's Go, Eevee Kanto Route 18
90%
X, Y Kalos Route 18, Vallée Étroite Way
90%
Red, Green, Blue, Yellow Kanto Route 19
90%
Gold, Silver, Crystal Kanto Route 19
90%
FireRed, LeafGreen Kanto Route 19
90%
Heart Gold, Soul Silver Kanto Route 19
90%
Black 2, White 2 Unova Route 19
90%
Let's Go, Pikachu, Let's Go, Eevee Kanto Route 19
90%
X, Y Kalos Route 19, Grande Vallée Way
90%
Red, Green, Blue, Yellow Kanto Route 20
90%
Gold, Silver, Crystal Kanto Route 20
90%
FireRed, LeafGreen Kanto Route 20
90%
Heart Gold, Soul Silver Kanto Route 20
90%
Black 2, White 2 Unova Route 20
90%
Let's Go, Pikachu, Let's Go, Eevee Kanto Route 20
90%
X, Y Kalos Route 20, Winding Woods
90%
Red, Green, Blue, Yellow Kanto Route 14
89%
Gold, Silver, Crystal Kanto Route 14
89%
FireRed, LeafGreen Kanto Route 14
89%
Heart Gold, Soul Silver Kanto Route 14
89%
Black, White Unova Route 14
89%
Black 2, White 2 Unova Route 14
89%
Sun, Moon Alola Route 14
89%
Ultra Sun, Ultra Moon Alola Route 14
89%
Let's Go, Pikachu, Let's Go, Eevee Kanto Route 14
89%
X, Y Kalos Route 14, Laverre Nature Trail
89%
Red, Green, Blue, Yellow Kanto Route 21
89%
Gold, Silver, Crystal Kanto Route 21
89%
FireRed, LeafGreen Kanto Route 21
89%
Heart Gold, Soul Silver Kanto Route 21
89%
Black 2, White 2 Unova Route 21
89%
Let's Go, Pikachu, Let's Go, Eevee Kanto Route 21
89%
X, Y Kalos Route 21, Dernière Way
89%
Red, Green, Blue, Yellow Kanto Route 22
89%
Gold, Silver, Crystal Kanto Route 22
89%
FireRed, LeafGreen Kanto Route 22
89%
Heart Gold, Soul Silver Kanto Route 22
89%
Black 2, White 2 Unova Route 22
89%
Let's Go, Pikachu, Let's Go, Eevee Kanto Route 22
89%
X, Y Kalos Route 22, Détourner Way
89%
Red, Green, Blue, Yellow Kanto Viridian City
89%
Gold, Silver, Crystal Kanto Viridian City
89%
FireRed, LeafGreen Kanto Viridian City
89%
Heart Gold, Soul Silver Kanto Viridian City
89%
Let's Go, Pikachu, Let's Go, Eevee Kanto Viridian City
89%
Red, Green, Blue, Yellow Kanto Route 23
88%
Gold, Silver, Crystal Kanto Route 23
88%
FireRed, LeafGreen Kanto Route 23
88%
Heart Gold, Soul Silver Kanto Route 23
88%
Black 2, White 2 Unova Route 23
88%
Let's Go, Pikachu, Let's Go, Eevee Kanto Route 23
88%
Red, Green, Blue, Yellow Kanto Route 24
88%
Gold, Silver, Crystal Kanto Route 24
88%
FireRed, LeafGreen Kanto Route 24
88%
Heart Gold, Soul Silver Kanto Route 24
88%
Let's Go, Pikachu, Let's Go, Eevee Kanto Route 24
88%
Red, Green, Blue, Yellow Kanto Route 25
88%
Gold, Silver, Crystal Kanto Route 25
88%
FireRed, LeafGreen Kanto Route 25
88%
Heart Gold, Soul Silver Kanto Route 25
88%
Let's Go, Pikachu, Let's Go, Eevee Kanto Route 25
88%
Red, Green, Blue, Yellow Kanto Viridian Forest
88%
FireRed, LeafGreen Kanto Viridian Forest
88%
Let's Go, Pikachu, Let's Go, Eevee Kanto Viridian Forest
88%
Red, Green, Blue, Yellow Kanto Cerulean City
87%
Gold, Silver, Crystal Kanto Cerulean City
87%
FireRed, LeafGreen Kanto Cerulean City
87%
Heart Gold, Soul Silver Kanto Cerulean City
87%
Let's Go, Pikachu, Let's Go, Eevee Kanto Cerulean City
87%
Black, White Unova Route 17
87%
Black 2, White 2 Unova Route 17
87%
Sun, Moon Alola Route 17
87%
Ultra Sun, Ultra Moon Alola Route 17
87%
X, Y Kalos Route 17, Mamoswine Road
87%
Red, Green, Blue, Yellow Kanto Lavender Town
86%
Gold, Silver, Crystal Kanto Lavender Town
86%
FireRed, LeafGreen Kanto Lavender Town
86%
Heart Gold, Soul Silver Kanto Lavender Town
86%
Let's Go, Pikachu, Let's Go, Eevee Kanto Lavender Town
86%
Red, Green, Blue, Yellow Kanto Mt. Moon
86%
Gold, Silver, Crystal Kanto Mt. Moon
86%
FireRed, LeafGreen Kanto Mt. Moon
86%
Heart Gold, Soul Silver Kanto Mt. Moon
86%
Let's Go, Pikachu, Let's Go, Eevee Kanto Mt. Moon
86%
Gold, Silver, Crystal Johto Route 29
86%
Heart Gold, Soul Silver Johto Route 29
86%
Gold, Silver, Crystal Kanto Route 26
85%
Heart Gold, Soul Silver Kanto Route 26
85%
Gold, Silver, Crystal Johto Route 32
85%
Heart Gold, Soul Silver Johto Route 32
85%
Red, Green, Blue, Yellow Kanto Victory Road
85%
Gold, Silver, Crystal Kanto Victory Road
85%
Ruby, Sapphire, Emerald Hoenn Victory Road
85%
FireRed, LeafGreen Kanto Victory Road
85%
Diamond, Pearl, Platinum Sinnoh Victory Road
85%
Heart Gold, Soul Silver Kanto Victory Road
85%
Black, White Unova Victory Road
85%
Black 2, White 2 Unova Victory Road
85%
X, Y Kalos Victory Road
85%
Omega Ruby, Alpha Sapphire Hoenn Victory Road
85%
Let's Go, Pikachu, Let's Go, Eevee Kanto Victory Road
85%
Brilliant Diamond, Shining Pearl Sinnoh Victory Road
85%
Red, Green, Blue, Yellow Kanto Cinnabar Island
84%
Gold, Silver, Crystal Kanto Cinnabar Island
84%
FireRed, LeafGreen Kanto Cinnabar Island
84%
Heart Gold, Soul Silver Kanto Cinnabar Island
84%
Let's Go, Pikachu, Let's Go, Eevee Kanto Cinnabar Island
84%
Gold, Silver, Crystal Kanto Route 28
84%
Heart Gold, Soul Silver Kanto Route 28
84%
Gold, Silver, Crystal Johto Route 30
84%
Heart Gold, Soul Silver Johto Route 30
84%
Gold, Silver, Crystal Johto Route 31
84%
Heart Gold, Soul Silver Johto Route 31
84%
Gold, Silver, Crystal Johto Route 33
84%
Heart Gold, Soul Silver Johto Route 33
84%
Gold, Silver, Crystal Johto Route 34
84%
Heart Gold, Soul Silver Johto Route 34
84%
Gold, Silver, Crystal Johto Route 35
84%
Heart Gold, Soul Silver Johto Route 35
84%
Red, Green, Blue, Yellow Kanto Saffron City
84%
Gold, Silver, Crystal Kanto Saffron City
84%
FireRed, LeafGreen Kanto Saffron City
84%
Heart Gold, Soul Silver Kanto Saffron City
84%
Let's Go, Pikachu, Let's Go, Eevee Kanto Saffron City
84%
Diamond, Pearl, Platinum Sinnoh Great Marsh (Safari Zone)
83%
Brilliant Diamond, Shining Pearl Sinnoh Great Marsh (Safari Zone)
83%
Gold, Silver, Crystal Kanto Route 27
83%
Heart Gold, Soul Silver Kanto Route 27
83%
Red, Green, Blue, Yellow Kanto Celadon City
82%
Gold, Silver, Crystal Kanto Celadon City
82%
FireRed, LeafGreen Kanto Celadon City
82%
Heart Gold, Soul Silver Kanto Celadon City
82%
Let's Go, Pikachu, Let's Go, Eevee Kanto Celadon City
82%
Gold, Silver, Crystal Johto Route 36
82%
Heart Gold, Soul Silver Johto Route 36
82%
Gold, Silver, Crystal Johto Route 37
82%
Heart Gold, Soul Silver Johto Route 37
82%
Gold, Silver, Crystal Johto Route 38
82%
Heart Gold, Soul Silver Johto Route 38
82%
Gold, Silver, Crystal Johto Route 39
82%
Heart Gold, Soul Silver Johto Route 39
82%
Gold, Silver, Crystal Johto Route 40
82%
Heart Gold, Soul Silver Johto Route 40
82%
Gold, Silver, Crystal Johto Route 41
82%
Heart Gold, Soul Silver Johto Route 41
82%
Gold, Silver, Crystal Johto Route 42
82%
Heart Gold, Soul Silver Johto Route 42
82%
Gold, Silver, Crystal Johto Route 43
82%
Heart Gold, Soul Silver Johto Route 43
82%
Red, Green, Blue, Yellow Kanto Safari Zone
82%
Gold, Silver, Crystal Kanto Safari Zone
82%
Ruby, Sapphire, Emerald Hoenn Safari Zone
82%
FireRed, LeafGreen Kanto Safari Zone
82%
Heart Gold, Soul Silver Johto Safari Zone
82%
Heart Gold, Soul Silver Kanto Safari Zone
82%
Omega Ruby, Alpha Sapphire Hoenn Safari Zone
82%
Let's Go, Pikachu, Let's Go, Eevee Kanto Safari Zone
82%
Red, Green, Blue, Yellow Kanto Vermilion City
82%
Gold, Silver, Crystal Kanto Vermilion City
82%
FireRed, LeafGreen Kanto Vermilion City
82%
Heart Gold, Soul Silver Kanto Vermilion City
82%
Let's Go, Pikachu, Let's Go, Eevee Kanto Vermilion City
82%
Red, Green, Blue, Yellow Kanto Kanto Power Plant
80%
Gold, Silver, Crystal Kanto Kanto Power Plant
80%
FireRed, LeafGreen Kanto Kanto Power Plant
80%
Heart Gold, Soul Silver Kanto Kanto Power Plant
80%
Let's Go, Pikachu, Let's Go, Eevee Kanto Kanto Power Plant
80%
Gold, Silver, Crystal Johto Route 44
80%
Heart Gold, Soul Silver Johto Route 44
80%
Gold, Silver, Crystal Johto Route 45
80%
Heart Gold, Soul Silver Johto Route 45
80%
Gold, Silver, Crystal Johto Route 46
80%
Heart Gold, Soul Silver Johto Route 46
80%
Red, Green, Blue, Yellow Kanto Indigo Plateau
78%
Gold, Silver, Crystal Kanto Indigo Plateau
78%
FireRed, LeafGreen Kanto Indigo Plateau
78%
Heart Gold, Soul Silver Kanto Indigo Plateau
78%
Let's Go, Pikachu, Let's Go, Eevee Kanto Indigo Plateau
78%
Ruby, Sapphire, Emerald Hoenn Route 101
78%
Omega Ruby, Alpha Sapphire Hoenn Route 101
78%
Ruby, Sapphire, Emerald Hoenn Route 102
78%
Omega Ruby, Alpha Sapphire Hoenn Route 102
78%
Red, Green, Blue, Yellow Kanto Fuchsia City
77%
Gold, Silver, Crystal Kanto Fuchsia City
77%
FireRed, LeafGreen Kanto Fuchsia City
77%
Heart Gold, Soul Silver Kanto Fuchsia City
77%
Let's Go, Pikachu, Let's Go, Eevee Kanto Fuchsia City
77%
X, Y Kalos Kalos Power Plant
77%
Heart Gold, Soul Silver Johto Route 47
77%
Heart Gold, Soul Silver Johto Route 48
77%
Red, Green, Blue, Yellow Kanto Seafoam Islands
77%
Gold, Silver, Crystal Kanto Seafoam Islands
77%
FireRed, LeafGreen Kanto Seafoam Islands
77%
Heart Gold, Soul Silver Kanto Seafoam Islands
77%
Let's Go, Pikachu, Let's Go, Eevee Kanto Seafoam Islands
77%
Red, Green, Blue, Yellow Kanto Rock Tunnel
76%
Gold, Silver, Crystal Kanto Rock Tunnel
76%
FireRed, LeafGreen Kanto Rock Tunnel
76%
Heart Gold, Soul Silver Kanto Rock Tunnel
76%
Let's Go, Pikachu, Let's Go, Eevee Kanto Rock Tunnel
76%
Ruby, Sapphire, Emerald Hoenn Route 103
76%
Omega Ruby, Alpha Sapphire Hoenn Route 103
76%
Ruby, Sapphire, Emerald Hoenn Route 104
76%
Omega Ruby, Alpha Sapphire Hoenn Route 104
76%
Ruby, Sapphire, Emerald Hoenn Route 105
76%
Omega Ruby, Alpha Sapphire Hoenn Route 105
76%
Ruby, Sapphire, Emerald Hoenn Route 107
76%
Omega Ruby, Alpha Sapphire Hoenn Route 107
76%
Ruby, Sapphire, Emerald Hoenn Route 108
76%
Omega Ruby, Alpha Sapphire Hoenn Route 108
76%
Ruby, Sapphire, Emerald Hoenn Route 109
76%
Omega Ruby, Alpha Sapphire Hoenn Route 109
76%
Ruby, Sapphire, Emerald Hoenn Route 111
76%
Omega Ruby, Alpha Sapphire Hoenn Route 111
76%
Ruby, Sapphire, Emerald Hoenn Route 121
76%
Omega Ruby, Alpha Sapphire Hoenn Route 121
76%
Red, Green, Blue, Yellow Kanto Cerulean Cave
75%
FireRed, LeafGreen Kanto Cerulean Cave
75%
Let's Go, Pikachu, Let's Go, Eevee Kanto Cerulean Cave
75%
Ruby, Sapphire, Emerald Hoenn Route 106
75%
Omega Ruby, Alpha Sapphire Hoenn Route 106
75%
Ruby, Sapphire, Emerald Hoenn Route 112
75%
Omega Ruby, Alpha Sapphire Hoenn Route 112
75%
Ruby, Sapphire, Emerald Hoenn Route 113
75%
Omega Ruby, Alpha Sapphire Hoenn Route 113
75%
Ruby, Sapphire, Emerald Hoenn Route 115
75%
Omega Ruby, Alpha Sapphire Hoenn Route 115
75%
Ruby, Sapphire, Emerald Hoenn Route 116
75%
Omega Ruby, Alpha Sapphire Hoenn Route 116
75%
Ruby, Sapphire, Emerald Hoenn Route 117
75%
Omega Ruby, Alpha Sapphire Hoenn Route 117
75%
Ruby, Sapphire, Emerald Hoenn Route 119
75%
Omega Ruby, Alpha Sapphire Hoenn Route 119
75%
Ruby, Sapphire, Emerald Hoenn Route 123
75%
Omega Ruby, Alpha Sapphire Hoenn Route 123
75%
Ruby, Sapphire, Emerald Hoenn Route 124
75%
Omega Ruby, Alpha Sapphire Hoenn Route 124
75%
Ruby, Sapphire, Emerald Hoenn Route 126
75%
Omega Ruby, Alpha Sapphire Hoenn Route 126
75%
Diamond, Pearl, Platinum Sinnoh Route 201
75%
Brilliant Diamond, Shining Pearl Sinnoh Route 201
75%
Ruby, Sapphire, Emerald Hoenn Route 110
74%
Omega Ruby, Alpha Sapphire Hoenn Route 110
74%
Ruby, Sapphire, Emerald Hoenn Route 120
74%
Omega Ruby, Alpha Sapphire Hoenn Route 120
74%
Ruby, Sapphire, Emerald Hoenn Route 125
74%
Omega Ruby, Alpha Sapphire Hoenn Route 125
74%
Ruby, Sapphire, Emerald Hoenn Route 128
74%
Omega Ruby, Alpha Sapphire Hoenn Route 128
74%
Ruby, Sapphire, Emerald Hoenn Route 129
74%
Omega Ruby, Alpha Sapphire Hoenn Route 129
74%
Diamond, Pearl, Platinum Sinnoh Route 202
74%
Brilliant Diamond, Shining Pearl Sinnoh Route 202
74%
Diamond, Pearl, Platinum Sinnoh Route 203
74%
Brilliant Diamond, Shining Pearl Sinnoh Route 203
74%
Gold, Silver, Crystal Johto Goldenrod City
73%
Heart Gold, Soul Silver Johto Goldenrod City
73%
Gold, Silver, Crystal Johto New Bark Town
73%
Heart Gold, Soul Silver Johto New Bark Town
73%
Diamond, Pearl, Platinum Sinnoh Pokémon League
73%
Black, White Unova Pokémon League
73%
Black 2, White 2 Unova Pokémon League
73%
X, Y Kalos Pokémon League
73%
Sun, Moon Alola Pokémon League
73%
Ultra Sun, Ultra Moon Alola Pokémon League
73%
Brilliant Diamond, Shining Pearl Sinnoh Pokémon League
73%
Red, Green, Blue, Yellow Kanto Pokémon Tower
73%
Gold, Silver, Crystal Kanto Pokémon Tower
73%
FireRed, LeafGreen Kanto Pokémon Tower
73%
Heart Gold, Soul Silver Kanto Pokémon Tower
73%
Let's Go, Pikachu, Let's Go, Eevee Kanto Pokémon Tower
73%
Ruby, Sapphire, Emerald Hoenn Route 114
73%
Omega Ruby, Alpha Sapphire Hoenn Route 114
73%
Ruby, Sapphire, Emerald Hoenn Route 118
73%
Omega Ruby, Alpha Sapphire Hoenn Route 118
73%
Ruby, Sapphire, Emerald Hoenn Route 122
73%
Omega Ruby, Alpha Sapphire Hoenn Route 122
73%
Ruby, Sapphire, Emerald Hoenn Route 127
73%
Omega Ruby, Alpha Sapphire Hoenn Route 127
73%
Ruby, Sapphire, Emerald Hoenn Route 130
73%
Omega Ruby, Alpha Sapphire Hoenn Route 130
73%
Ruby, Sapphire, Emerald Hoenn Route 131
73%
Omega Ruby, Alpha Sapphire Hoenn Route 131
73%
Ruby, Sapphire, Emerald Hoenn Route 132
73%
Omega Ruby, Alpha Sapphire Hoenn Route 132
73%
Ruby, Sapphire, Emerald Hoenn Route 134
73%
Omega Ruby, Alpha Sapphire Hoenn Route 134
73%
Diamond, Pearl, Platinum Sinnoh Route 204
73%
Brilliant Diamond, Shining Pearl Sinnoh Route 204
73%
Diamond, Pearl, Platinum Sinnoh Route 205
73%
Brilliant Diamond, Shining Pearl Sinnoh Route 205
73%
Diamond, Pearl, Platinum Sinnoh Route 206
73%
Brilliant Diamond, Shining Pearl Sinnoh Route 206
73%
Diamond, Pearl, Platinum Sinnoh Route 207
73%
Brilliant Diamond, Shining Pearl Sinnoh Route 207
73%
Diamond, Pearl, Platinum Sinnoh Route 208
73%
Brilliant Diamond, Shining Pearl Sinnoh Route 208
73%
Diamond, Pearl, Platinum Sinnoh Route 209
73%
Brilliant Diamond, Shining Pearl Sinnoh Route 209
73%
Diamond, Pearl, Platinum Sinnoh Route 210
73%
Brilliant Diamond, Shining Pearl Sinnoh Route 210
73%
Diamond, Pearl, Platinum Sinnoh Route 211
73%
Brilliant Diamond, Shining Pearl Sinnoh Route 211
73%
Diamond, Pearl, Platinum Sinnoh Route 213
73%
Brilliant Diamond, Shining Pearl Sinnoh Route 213
73%
Diamond, Pearl, Platinum Sinnoh Route 214
73%
Brilliant Diamond, Shining Pearl Sinnoh Route 214
73%
Diamond, Pearl, Platinum Sinnoh Route 215
73%
Brilliant Diamond, Shining Pearl Sinnoh Route 215
73%
Diamond, Pearl, Platinum Sinnoh Route 217
73%
Brilliant Diamond, Shining Pearl Sinnoh Route 217
73%
Diamond, Pearl, Platinum Sinnoh Route 212
72%
Brilliant Diamond, Shining Pearl Sinnoh Route 212
72%
Diamond, Pearl, Platinum Sinnoh Route 216
72%
Brilliant Diamond, Shining Pearl Sinnoh Route 216
72%
Diamond, Pearl, Platinum Sinnoh Route 218
72%
Brilliant Diamond, Shining Pearl Sinnoh Route 218
72%
Diamond, Pearl, Platinum Sinnoh Route 219
72%
Brilliant Diamond, Shining Pearl Sinnoh Route 219
72%
Diamond, Pearl, Platinum Sinnoh Route 223
72%
Brilliant Diamond, Shining Pearl Sinnoh Route 223
72%
Gold, Silver, Crystal Johto Dark Cave
71%
Heart Gold, Soul Silver Johto Dark Cave
71%
Ruby, Sapphire, Emerald Hoenn Route 133
71%
Omega Ruby, Alpha Sapphire Hoenn Route 133
71%
Diamond, Pearl, Platinum Sinnoh Route 221
71%
Brilliant Diamond, Shining Pearl Sinnoh Route 221
71%
Diamond, Pearl, Platinum Sinnoh Route 222
71%
Brilliant Diamond, Shining Pearl Sinnoh Route 222
71%
Diamond, Pearl, Platinum Sinnoh Route 224
71%
Brilliant Diamond, Shining Pearl Sinnoh Route 224
71%
Diamond, Pearl, Platinum Sinnoh Route 225
71%
Brilliant Diamond, Shining Pearl Sinnoh Route 225
71%
Gold, Silver, Crystal Johto Violet City
71%
Heart Gold, Soul Silver Johto Violet City
71%
Diamond, Pearl, Platinum Sinnoh Route 220
70%
Brilliant Diamond, Shining Pearl Sinnoh Route 220
70%
Diamond, Pearl, Platinum Sinnoh Cycling Road
69%
Brilliant Diamond, Shining Pearl Sinnoh Cycling Road
69%
Red, Green, Blue, Yellow Kanto Diglett's Cave
69%
Gold, Silver, Crystal Kanto Diglett's Cave
69%
FireRed, LeafGreen Kanto Diglett's Cave
69%
Heart Gold, Soul Silver Kanto Diglett's Cave
69%
Let's Go, Pikachu, Let's Go, Eevee Kanto Diglett's Cave
69%
Red, Green, Blue, Yellow Kanto Pokémon Mansion
69%
Gold, Silver, Crystal Kanto Pokémon Mansion
69%
FireRed, LeafGreen Kanto Pokémon Mansion
69%
Diamond, Pearl, Platinum Sinnoh Pokémon Mansion
69%
Heart Gold, Soul Silver Kanto Pokémon Mansion
69%
Let's Go, Pikachu, Let's Go, Eevee Kanto Pokémon Mansion
69%
Brilliant Diamond, Shining Pearl Sinnoh Pokémon Mansion
69%
Diamond, Pearl, Platinum Sinnoh Route 226
69%
Brilliant Diamond, Shining Pearl Sinnoh Route 226
69%
Diamond, Pearl, Platinum Sinnoh Route 227
69%
Brilliant Diamond, Shining Pearl Sinnoh Route 227
69%
Diamond, Pearl, Platinum Sinnoh Route 228
69%
Brilliant Diamond, Shining Pearl Sinnoh Route 228
69%
Diamond, Pearl, Platinum Sinnoh Route 229
69%
Brilliant Diamond, Shining Pearl Sinnoh Route 229
69%
Diamond, Pearl, Platinum Sinnoh Route 230
69%
Brilliant Diamond, Shining Pearl Sinnoh Route 230
69%
Red, Green, Blue, Yellow Kanto Silph Co.
68%
Gold, Silver, Crystal Kanto Silph Co.
68%
FireRed, LeafGreen Kanto Silph Co.
68%
Heart Gold, Soul Silver Kanto Silph Co.
68%
Let's Go, Pikachu, Let's Go, Eevee Kanto Silph Co.
68%
Gold, Silver, Crystal Johto Burned Tower
67%
Heart Gold, Soul Silver Johto Burned Tower
67%
Gold, Silver, Crystal Johto Ecruteak City
67%
Heart Gold, Soul Silver Johto Ecruteak City
67%
Ruby, Sapphire, Emerald Hoenn Mauville City
67%
Omega Ruby, Alpha Sapphire Hoenn Mauville City
67%
Gold, Silver, Crystal Johto Mt. Silver
67%
Heart Gold, Soul Silver Johto Mt. Silver
67%
Gold, Silver, Crystal Johto (Crystal) Olivine City
67%
Heart Gold, Soul Silver Johto Olivine City
67%
Diamond, Pearl, Platinum Sinnoh Underground
67%
Diamond, Pearl, Platinum Sinnoh Jubilife City
66%
Brilliant Diamond, Shining Pearl Sinnoh Jubilife City
66%
Ruby, Sapphire, Emerald Hoenn Littleroot Town
66%
Omega Ruby, Alpha Sapphire Hoenn Littleroot Town
66%
FireRed, LeafGreen Sevii Islands One Island
66%
Ruby, Sapphire, Emerald Hoenn (Emerald) Battle Frontier
65%
Diamond, Pearl, Platinum Sinnoh (Platinum) Battle Frontier
65%
Heart Gold, Soul Silver Johto Battle Frontier
65%
Gold, Silver, Crystal Johto Blackthorn City
65%
Heart Gold, Soul Silver Johto Blackthorn City
65%
FireRed, LeafGreen Sevii Islands Five Island
65%
FireRed, LeafGreen Sevii Islands Four Island
65%
Gold, Silver, Crystal Johto Lake of Rage
65%
Heart Gold, Soul Silver Johto Lake of Rage
65%
Diamond, Pearl, Platinum Sinnoh Mount Coronet
65%
Brilliant Diamond, Shining Pearl Sinnoh Mount Coronet
65%
Ruby, Sapphire, Emerald Hoenn Rustboro City
65%
Omega Ruby, Alpha Sapphire Hoenn Rustboro City
65%
FireRed, LeafGreen Sevii Islands Three Island
65%
FireRed, LeafGreen Sevii Islands Two Island
65%
Gold, Silver, Crystal Johto Azalea Town
64%
Heart Gold, Soul Silver Johto Azalea Town
64%
Ruby, Sapphire, Emerald Hoenn Dewford Town
64%
Omega Ruby, Alpha Sapphire Hoenn Dewford Town
64%
Gold, Silver, Crystal Johto Ruins of Alph
64%
Heart Gold, Soul Silver Johto Ruins of Alph
64%
FireRed, LeafGreen Sevii Islands Seven Island
64%
FireRed, LeafGreen Sevii Islands Six Island
64%
Diamond, Pearl, Platinum Sinnoh Snowpoint City
64%
Brilliant Diamond, Shining Pearl Sinnoh Snowpoint City
64%
Omega Ruby, Alpha Sapphire Hoenn The Sky
64%
Gold, Silver, Crystal Johto Battle Tower
63%
Heart Gold, Soul Silver Johto Battle Tower
63%
Sword, Shield Galar Battle Tower
63%
Gold, Silver, Crystal Johto Cherrygrove City
63%
Heart Gold, Soul Silver Johto Cherrygrove City
63%
Red, Green, Blue, Yellow Kanto Game Corner
63%
Gold, Silver, Crystal Kanto Game Corner
63%
FireRed, LeafGreen Kanto Game Corner
63%
Heart Gold, Soul Silver Kanto Game Corner
63%
Let's Go, Pikachu, Let's Go, Eevee Kanto Game Corner
63%
Ruby, Sapphire, Emerald Hoenn Mossdeep City
63%
Omega Ruby, Alpha Sapphire Hoenn Mossdeep City
63%
Ruby, Sapphire, Emerald Hoenn Sootopolis City
63%
Omega Ruby, Alpha Sapphire Hoenn Sootopolis City
63%
Gold, Silver, Crystal Johto Tin Tower
63%
Heart Gold, Soul Silver Johto Tin Tower
63%
Ruby, Sapphire, Emerald Hoenn Verdanturf Town
63%
Omega Ruby, Alpha Sapphire Hoenn Verdanturf Town
63%
Diamond, Pearl, Platinum Sinnoh Pal Park
62%
Heart Gold, Soul Silver Johto Pal Park
62%
Ruby, Sapphire, Emerald Hoenn Petalburg City
62%
Omega Ruby, Alpha Sapphire Hoenn Petalburg City
62%
Gold, Silver, Crystal Johto Whirl Islands
62%
Heart Gold, Soul Silver Johto Whirl Islands
62%
Black, White Unova Castelia City
61%
Black 2, White 2 Unova Castelia City
61%
Diamond, Pearl, Platinum Sinnoh Hearthome City
61%
Brilliant Diamond, Shining Pearl Sinnoh Hearthome City
61%
X, Y Kalos Lumiose City
61%
Diamond, Pearl, Platinum Sinnoh Twinleaf Town
61%
Brilliant Diamond, Shining Pearl Sinnoh Twinleaf Town
61%
Diamond, Pearl, Platinum Sinnoh Eterna City
60%
Brilliant Diamond, Shining Pearl Sinnoh Eterna City
60%
Ruby, Sapphire, Emerald Hoenn Lilycove City
60%
Omega Ruby, Alpha Sapphire Hoenn Lilycove City
60%
Gold, Silver, Crystal Johto Mahogany Town
60%
Heart Gold, Soul Silver Johto Mahogany Town
60%
Diamond, Pearl, Platinum Sinnoh Oreburgh City
60%
Brilliant Diamond, Shining Pearl Sinnoh Oreburgh City
60%
Diamond, Pearl, Platinum Sinnoh Eterna Forest
59%
Brilliant Diamond, Shining Pearl Sinnoh Eterna Forest
59%
Ruby, Sapphire, Emerald Hoenn Ever Grande City
59%
Omega Ruby, Alpha Sapphire Hoenn Ever Grande City
59%
Ruby, Sapphire, Emerald Hoenn Fortree City
59%
Omega Ruby, Alpha Sapphire Hoenn Fortree City
59%
Gold, Silver, Crystal Johto Ilex Forest
59%
Heart Gold, Soul Silver Johto Ilex Forest
59%
Diamond, Pearl, Platinum Sinnoh Sandgem Town
59%
Brilliant Diamond, Shining Pearl Sinnoh Sandgem Town
59%
Ruby, Sapphire, Emerald Hoenn Slateport City
59%
Omega Ruby, Alpha Sapphire Hoenn Slateport City
59%
Diamond, Pearl, Platinum Sinnoh Spear Pillar
59%
Brilliant Diamond, Shining Pearl Sinnoh Spear Pillar
59%
Gold, Silver, Crystal Johto Cianwood City
58%
Heart Gold, Soul Silver Johto Cianwood City
58%
Black, White Unova Nimbasa City
58%
Black 2, White 2 Unova Nimbasa City
58%
Black, White Unova Driftveil City
57%
Black 2, White 2 Unova Driftveil City
57%
Diamond, Pearl, Platinum Sinnoh Lake Verity
57%
Brilliant Diamond, Shining Pearl Sinnoh Lake Verity
57%
Legends: Arceus Hisui Lake Verity
57%
Ruby, Sapphire, Emerald Hoenn Mt. Pyre
57%
Omega Ruby, Alpha Sapphire Hoenn Mt. Pyre
57%
Ruby, Sapphire, Emerald Hoenn New Mauville
57%
Omega Ruby, Alpha Sapphire Hoenn New Mauville
57%
Ruby, Sapphire, Emerald Hoenn Pacifidlog Town
57%
Omega Ruby, Alpha Sapphire Hoenn Pacifidlog Town
57%
Ruby, Sapphire, Emerald Hoenn Sky Pillar
57%
Omega Ruby, Alpha Sapphire Hoenn Sky Pillar
57%
Ruby, Sapphire, Emerald Hoenn Cave of Origin
56%
Omega Ruby, Alpha Sapphire Hoenn Cave of Origin
56%
Black, White Unova Chargestone Cave
56%
Black 2, White 2 Unova Chargestone Cave
56%
Gold, Silver, Crystal Johto Dragon's Den
56%
Heart Gold, Soul Silver Johto Dragon's Den
56%
Diamond, Pearl, Platinum Sinnoh Lake Acuity
56%
Brilliant Diamond, Shining Pearl Sinnoh Lake Acuity
56%
Legends: Arceus Hisui Lake Acuity
56%
Diamond, Pearl, Platinum Sinnoh Lake Valor
56%
Brilliant Diamond, Shining Pearl Sinnoh Lake Valor
56%
Legends: Arceus Hisui Lake Valor
56%
Ruby, Sapphire, Emerald Hoenn Lavaridge Town
56%
Omega Ruby, Alpha Sapphire Hoenn Lavaridge Town
56%
Gold, Silver, Crystal Johto Slowpoke Well
56%
Heart Gold, Soul Silver Johto Slowpoke Well
56%
Gold, Silver, Crystal Johto Sprout Tower
56%
Heart Gold, Soul Silver Johto Sprout Tower
56%
Black, White Unova Striaton City
56%
Black 2, White 2 Unova Striaton City
56%
Diamond, Pearl, Platinum Sinnoh Veilstone City
56%
Brilliant Diamond, Shining Pearl Sinnoh Veilstone City
56%
Black, White Unova (Black) Black City
55%
Black 2, White 2 Unova (Black 2) Black City
55%
Diamond, Pearl, Platinum Sinnoh Canalave City
55%
Brilliant Diamond, Shining Pearl Sinnoh Canalave City
55%
Diamond, Pearl, Platinum Sinnoh Floaroma Town
55%
Brilliant Diamond, Shining Pearl Sinnoh Floaroma Town
55%
Gold, Silver, Crystal Johto Ice Path
55%
Heart Gold, Soul Silver Johto Ice Path
55%
Black, White Unova Nuvema Town
55%
Black 2, White 2 Unova Nuvema Town
55%
Ruby, Sapphire, Emerald Hoenn Oldale Town
55%
Omega Ruby, Alpha Sapphire Hoenn Oldale Town
55%
Ruby, Sapphire, Emerald Hoenn Petalburg Woods
55%
Omega Ruby, Alpha Sapphire Hoenn Petalburg Woods
55%
Ruby, Sapphire, Emerald Hoenn Rusturf Tunnel
55%
Omega Ruby, Alpha Sapphire Hoenn Rusturf Tunnel
55%
Black, White Unova (White) White Forest
55%
Black 2, White 2 Unova (White 2) White Forest
55%
Ruby, Sapphire, Emerald Hoenn Fallarbor Town
54%
Omega Ruby, Alpha Sapphire Hoenn Fallarbor Town
54%
Ruby, Sapphire, Emerald Hoenn Meteor Falls
54%
Omega Ruby, Alpha Sapphire Hoenn Meteor Falls
54%
Gold, Silver, Crystal Johto National Park
54%
Heart Gold, Soul Silver Johto National Park
54%
Diamond, Pearl, Platinum Sinnoh Pastoria City
54%
Brilliant Diamond, Shining Pearl Sinnoh Pastoria City
54%
Black, White Unova Pinwheel Forest
54%
Black 2, White 2 Unova Pinwheel Forest
54%
Diamond, Pearl, Platinum Sinnoh Snowpoint Temple
54%
Brilliant Diamond, Shining Pearl Sinnoh Snowpoint Temple
54%
Legends: Arceus Hisui Snowpoint Temple
54%
Diamond, Pearl, Platinum Sinnoh Sunyshore City
54%
Brilliant Diamond, Shining Pearl Sinnoh Sunyshore City
54%
Ruby, Sapphire, Emerald Hoenn (Sapphire, Emerald) Team Aqua Hideout
54%
Omega Ruby, Alpha Sapphire Hoenn Team Aqua Hideout
54%
Ruby, Sapphire, Emerald Hoenn (Emerald) Team Magma Hideout
54%
Ruby, Sapphire, Emerald Hoenn (Ruby) Team Magma Hideout
54%
Omega Ruby, Alpha Sapphire Hoenn Team Magma Hideout
54%
Omega Ruby, Alpha Sapphire Hoenn Team Magma Hideout
54%
Gold, Silver, Crystal Johto Mt. Mortar
53%
Heart Gold, Soul Silver Johto Mt. Mortar
53%
Sun, Moon Alola Poni Island
53%
Ultra Sun, Ultra Moon Alola Poni Island
53%
Gold, Silver, Crystal Johto Union Cave
53%
Heart Gold, Soul Silver Johto Union Cave
53%
Black 2, White 2 Unova Castelia Sewers
52%
Diamond, Pearl, Platinum Sinnoh Celestic Town
52%
Brilliant Diamond, Shining Pearl Sinnoh Celestic Town
52%
Black, White Unova Dreamyard
52%
Black 2, White 2 Unova Dreamyard
52%
Diamond, Pearl, Platinum Sinnoh Fight Area
52%
Brilliant Diamond, Shining Pearl Sinnoh Fight Area
52%
Black, White Unova Icirrus City
52%
Black 2, White 2 Unova Icirrus City
52%
Diamond, Pearl, Platinum Sinnoh Iron Island
52%
Brilliant Diamond, Shining Pearl Sinnoh Iron Island
52%
Black, White Unova Mistralton City
52%
Black, White Unova Nacrene City
52%
Black 2, White 2 Unova Nacrene City
52%
Diamond, Pearl, Platinum Sinnoh Solaceon Town
52%
Brilliant Diamond, Shining Pearl Sinnoh Solaceon Town
52%
Diamond, Pearl, Platinum Sinnoh Valley Windworks
52%
Brilliant Diamond, Shining Pearl Sinnoh Valley Windworks
52%
Ruby, Sapphire, Emerald Hoenn Granite Cave
51%
Omega Ruby, Alpha Sapphire Hoenn Granite Cave
51%
Black, White Unova Relic Castle
51%
Black 2, White 2 Unova Relic Castle
51%
Black, White Unova Skyarrow Bridge
51%
Black 2, White 2 Unova Skyarrow Bridge
51%
Black, White Unova Accumula Town
50%
Black 2, White 2 Unova Accumula Town
50%
Diamond, Pearl, Platinum Sinnoh (Platinum) Distortion World
50%
Black, White Unova Dragonspiral Tower
50%
Black, White Unova Driftveil Drawbridge
50%
Black 2, White 2 Unova Driftveil Drawbridge
50%
Sun, Moon Alola Melemele Island
50%
Ultra Sun, Ultra Moon Alola Melemele Island
50%
Ruby, Sapphire, Emerald Hoenn Mt. Chimney
50%
Omega Ruby, Alpha Sapphire Hoenn Mt. Chimney
50%
FireRed, LeafGreen Sevii Islands Mt. Ember
50%
Black, White Unova Opelucid City
50%
Black 2, White 2 Unova Opelucid City
50%
Diamond, Pearl, Platinum Sinnoh Oreburgh Mine
50%
Brilliant Diamond, Shining Pearl Sinnoh Oreburgh Mine
50%
X, Y Kalos Vaniville Town
50%
Ruby, Sapphire, Emerald Hoenn Mirage Island
49%
Omega Ruby, Alpha Sapphire Hoenn Mirage Island
49%
Black, White Unova Undella Town
49%
Black 2, White 2 Unova Undella Town
49%
Diamond, Pearl, Platinum Sinnoh Verity Lakefront
49%
Brilliant Diamond, Shining Pearl Sinnoh Verity Lakefront
49%
Black, White Unova Village Bridge
49%
Black 2, White 2 Unova Village Bridge
49%
Ruby, Sapphire, Emerald Hoenn Abandoned Ship
48%
Black, White Unova Anville Town
48%
Black 2, White 2 Unova Anville Town
48%
Black, White Unova Desert Resort
48%
Black 2, White 2 Unova Desert Resort
48%
Diamond, Pearl, Platinum Sinnoh Fuego Ironworks
48%
Brilliant Diamond, Shining Pearl Sinnoh Fuego Ironworks
48%
Diamond, Pearl, Platinum Sinnoh Fullmoon Island
48%
Brilliant Diamond, Shining Pearl Sinnoh Fullmoon Island
48%
Diamond, Pearl, Platinum Sinnoh Newmoon Island
48%
Brilliant Diamond, Shining Pearl Sinnoh Newmoon Island
48%
Black, White Unova N's Castle
48%
Black 2, White 2 Unova N's Castle
48%
Ruby, Sapphire, Emerald Hoenn Shoal Cave
48%
Omega Ruby, Alpha Sapphire Hoenn Shoal Cave
48%
Diamond, Pearl, Platinum Sinnoh Solaceon Ruins
48%
Brilliant Diamond, Shining Pearl Sinnoh Solaceon Ruins
48%
Legends: Arceus Hisui Solaceon Ruins
48%
Diamond, Pearl, Platinum Sinnoh Stark Mountain
48%
Brilliant Diamond, Shining Pearl Sinnoh Stark Mountain
48%
Black, White Unova Twist Mountain
48%
Black 2, White 2 Unova Twist Mountain
48%
Diamond, Pearl, Platinum Sinnoh Valor Lakefront
48%
Brilliant Diamond, Shining Pearl Sinnoh Valor Lakefront
48%
Black 2, White 2 Unova Virbank City
48%
Sword, Shield Galar Wyndon
48%
Diamond, Pearl, Platinum Sinnoh Acuity Lakefront
47%
Brilliant Diamond, Shining Pearl Sinnoh Acuity Lakefront
47%
Black, White Unova Giant Chasm
47%
Black 2, White 2 Unova Giant Chasm
47%
Gold, Silver, Crystal Johto Olivine Lighthouse
47%
Heart Gold, Soul Silver Johto Olivine Lighthouse
47%
Ruby, Sapphire, Emerald Sevii Islands (Emerald) Birth Island
46%
FireRed, LeafGreen Sevii Islands Birth Island
46%
Black 2, White 2 Unova Floccesy Town
46%
Sword, Shield Galar Hammerlocke
46%
Sun, Moon Alola Mount Lanakila
46%
Ultra Sun, Ultra Moon Alola Mount Lanakila
46%
Black 2, White 2 Unova Pokémon World Tournament
46%
Black 2, White 2 Unova Pokéstar Studios
46%
Diamond, Pearl, Platinum Sinnoh Resort Area
46%
Brilliant Diamond, Shining Pearl Sinnoh Resort Area
46%
Heart Gold, Soul Silver Johto Sinjoh Ruins
46%
Diamond, Pearl, Platinum Sinnoh Survival Area
46%
Brilliant Diamond, Shining Pearl Sinnoh Survival Area
46%
Ruby, Sapphire, Emerald Hoenn Weather Institute
46%
Omega Ruby, Alpha Sapphire Hoenn Weather Institute
46%
Black, White Unova Cold Storage
45%
Diamond, Pearl, Platinum Sinnoh Floaroma Meadow
45%
Brilliant Diamond, Shining Pearl Sinnoh Floaroma Meadow
45%
Legends: Arceus Hisui Jubilife Village
45%
Black, White Unova Lacunosa Town
45%
Black 2, White 2 Unova Lacunosa Town
45%
X, Y Kalos Laverre City
45%
Black, White Unova Lostlorn Forest
45%
Black 2, White 2 Unova Lostlorn Forest
45%
Black, White Unova Mistralton Cave
45%
Black 2, White 2 Unova Mistralton Cave
45%
Sword, Shield Galar Motostoke
45%
X, Y Kalos Aquacorde Town
44%
Black 2, White 2 Unova Aspertia City
44%
Black, White Unova Battle Subway
44%
Black 2, White 2 Unova Battle Subway
44%
Black 2, White 2 Unova Floccesy Ranch
44%
Ruby, Sapphire, Emerald Sevii Islands (Emerald) Navel Rock
44%
FireRed, LeafGreen Sevii Islands Navel Rock
44%
Sword, Shield Galar North Wild Area
44%
Diamond, Pearl, Platinum Sinnoh Oreburgh Gate
44%
Brilliant Diamond, Shining Pearl Sinnoh Oreburgh Gate
44%
Black 2, White 2 Unova Reversal Mountain
44%
Ruby, Sapphire, Emerald Hoenn Scorched Slab
44%
Omega Ruby, Alpha Sapphire Hoenn Scorched Slab
44%
Omega Ruby, Alpha Sapphire Hoenn Sea Mauville
44%
X, Y Kalos Snowbelle City
44%
Sword, Shield Galar South Wild Area
44%
Black, White Unova Wellspring Cave
44%
Black 2, White 2 Unova Wellspring Cave
44%
X, Y Kalos Cyllage City
43%
Black 2, White 2 Unova Humilau City
43%
Ruby, Sapphire, Emerald Hoenn Seafloor Cavern
43%
Omega Ruby, Alpha Sapphire Hoenn Seafloor Cavern
43%
Scarlet, Violet Paldea Area Zero
42%
X, Y Kalos Geosenge Town
42%
Gold, Silver, Crystal Johto Goldenrod Radio Tower
42%
Heart Gold, Soul Silver Johto Goldenrod Radio Tower
42%
Ruby, Sapphire, Emerald Hoenn (Emerald) Mirage Tower
42%
Omega Ruby, Alpha Sapphire Hoenn Mirage Tower
42%
Sword, Shield Galar Postwick
42%
X, Y Kalos Reflection Cave
42%
X, Y Kalos Santalune City
42%
Black, White Unova Undella Bay
42%
Black 2, White 2 Unova Undella Bay
42%
Diamond, Pearl, Platinum Sinnoh Wayward Cave
42%
Brilliant Diamond, Shining Pearl Sinnoh Wayward Cave
42%
Legends: Arceus Hisui Wayward Cave
42%
X, Y Kalos Anistar City
41%
X, Y Kalos Battle Maison
41%
Omega Ruby, Alpha Sapphire Hoenn Battle Maison
41%
Black, White Unova Celestial Tower
41%
Black 2, White 2 Unova Celestial Tower
41%
Ruby, Sapphire, Emerald Hoenn Desert Ruins
41%
Omega Ruby, Alpha Sapphire Hoenn Desert Ruins
41%
Sun, Moon Alola Diglett's Tunnel
41%
Ultra Sun, Ultra Moon Alola Diglett's Tunnel
41%
Sun, Moon Alola Hau'oli City
41%
Ultra Sun, Ultra Moon Alola Hau'oli City
41%
Sun, Moon Alola Iki Town
41%
Ultra Sun, Ultra Moon Alola Iki Town
41%
Ruby, Sapphire, Emerald Hoenn Jagged Pass
41%
Omega Ruby, Alpha Sapphire Hoenn Jagged Pass
41%
Black 2, White 2 Unova Lentimas Town
41%
Black, White Unova Liberty Garden
41%
Black 2, White 2 Unova Liberty Garden
41%
X, Y Kalos Poké Ball Factory
41%
Diamond, Pearl, Platinum Sinnoh Turnback Cave
41%
Brilliant Diamond, Shining Pearl Sinnoh Turnback Cave
41%
Legends: Arceus Hisui Turnback Cave
41%
Sun, Moon Alola Akala Island
40%
Ultra Sun, Ultra Moon Alola Akala Island
40%
Diamond, Pearl, Platinum Sinnoh Amity Square
40%
Brilliant Diamond, Shining Pearl Sinnoh Amity Square
40%
Diamond, Pearl, Platinum Sinnoh Hall of Origin
40%
Brilliant Diamond, Shining Pearl Sinnoh Hall of Origin
40%
Legends: Arceus Hisui Hall of Origin
40%
Black, White Unova Moor of Icirrus
40%
Black 2, White 2 Unova Moor of Icirrus
40%
Black 2, White 2 Unova Virbank Complex
40%
Ruby, Sapphire, Emerald Hoenn (Emerald) Altering Cave
39%
FireRed, LeafGreen Sevii Islands Altering Cave
39%
Omega Ruby, Alpha Sapphire Hoenn Altering Cave
39%
FireRed, LeafGreen Sevii Islands Berry Forest
39%
Diamond, Pearl, Platinum Sinnoh Canalave Library
39%
Brilliant Diamond, Shining Pearl Sinnoh Canalave Library
39%
Black, White Unova Challenger's Cave
39%
X, Y Kalos Coumarine City
39%
Black 2, White 2 Unova Marine Tube
39%
Black, White Unova Marvelous Bridge
39%
Black 2, White 2 Unova Marvelous Bridge
39%
Black, White Unova P2 Laboratory
39%
Black 2, White 2 Unova P2 Laboratory
39%
Black 2, White 2 Unova Plasma Frigate
39%
Heart Gold, Soul Silver Johto Pokéathlon Dome
39%
Sun, Moon Alola Po Town
39%
Ultra Sun, Ultra Moon Alola Po Town
39%
Black 2, White 2 Unova Relic Passage
39%
X, Y Kalos Santalune Forest
39%
Ruby, Sapphire, Emerald Hoenn Southern Island
39%
Omega Ruby, Alpha Sapphire Hoenn Southern Island
39%
Black, White Unova Tubeline Bridge
39%
Black 2, White 2 Unova Tubeline Bridge
39%
Brilliant Diamond, Shining Pearl Sinnoh Grand Underground
38%
Black, White Unova Abundant Shrine
37%
Black 2, White 2 Unova Abundant Shrine
37%
Diamond, Pearl, Platinum Sinnoh Acuity Cavern
37%
Brilliant Diamond, Shining Pearl Sinnoh Acuity Cavern
37%
X, Y Kalos Ambrette Town
37%
Black 2, White 2 Unova Cave of Being
37%
Sword, Shield Galar Crown Tundra
37%
Heart Gold, Soul Silver Johto Embedded Tower
37%
Ruby, Sapphire, Emerald Unknown (Emerald) Faraway Island
37%
Sword, Shield Galar Galar Mine
37%
Sword, Shield Galar Glimwood Tangle
37%
X, Y Kalos Glittering Cave
37%
Gold, Silver, Crystal Johto Goldenrod Department Store
37%
Heart Gold, Soul Silver Johto Goldenrod Department Store
37%
X, Y Kalos Kiloude City
37%
Diamond, Pearl, Platinum Sinnoh Ravaged Path
37%
Brilliant Diamond, Shining Pearl Sinnoh Ravaged Path
37%
Ruby, Sapphire, Emerald Hoenn Sealed Chamber
37%
Omega Ruby, Alpha Sapphire Hoenn Sealed Chamber
37%
X, Y Kalos Shalour City
37%
Sword, Shield Galar Stow-on-Side
37%
FireRed, LeafGreen Sevii Islands Treasure Beach
37%
Sword, Shield Galar Turffield
37%
Sun, Moon Alola Ula'ula Island
37%
Ultra Sun, Ultra Moon Alola Ula'ula Island
37%
Diamond, Pearl, Platinum Sinnoh Valor Cavern
37%
Brilliant Diamond, Shining Pearl Sinnoh Valor Cavern
37%
Diamond, Pearl, Platinum Sinnoh Verity Cavern
37%
Brilliant Diamond, Shining Pearl Sinnoh Verity Cavern
37%
Sword, Shield Galar Wedgehurst
37%
Black, White Unova Abyssal Ruins
36%
Black 2, White 2 Unova Abyssal Ruins
36%
Sun, Moon Alola (Moon) Altar of the Moone
36%
Ultra Sun, Ultra Moon Alola (Ultra Moon) Altar of the Moone
36%
Diamond, Pearl, Platinum Sinnoh Celestic Ruins
36%
Brilliant Diamond, Shining Pearl Sinnoh Celestic Ruins
36%
X, Y Kalos Connecting Cave, Zubat Roost
36%
FireRed, LeafGreen Sevii Islands Dotted Hole
36%
Diamond, Pearl, Platinum Sinnoh Flower Paradise
36%
Brilliant Diamond, Shining Pearl Sinnoh Flower Paradise
36%
Sword, Shield Galar Galar Mine No. 2
36%
Sword, Shield Galar Isle of Armor
36%
Diamond, Pearl, Platinum Sinnoh Lost Tower
36%
Brilliant Diamond, Shining Pearl Sinnoh Lost Tower
36%
Black, White Unova Unity Tower
36%
Black 2, White 2 Unova Unity Tower
36%
Sun, Moon Alola (Sun) Altar of the Sunne
35%
Ultra Sun, Ultra Moon Alola (Ultra Sun) Altar of the Sunne
35%
Sword, Shield Galar Ballonlea
35%
FireRed, LeafGreen Sevii Islands Bond Bridge
35%
Sword, Shield Galar Circhester
35%
Black 2, White 2 Unova Clay Tunnel
35%
X, Y Kalos Dendemille Town
35%
Let's Go, Pikachu, Let's Go, Eevee Kanto GO Park
35%
FireRed, LeafGreen Sevii Islands Icefall Cave
35%
Ruby, Sapphire, Emerald Hoenn Island Cave
35%
Omega Ruby, Alpha Sapphire Hoenn Island Cave
35%
Black 2, White 2 Unova Join Avenue
35%
X, Y Kalos Pokémon Village
35%
Black 2, White 2 Unova Seaside Cave
35%
FireRed, LeafGreen Sevii Islands Tanoby Ruins
35%
X, Y Kalos Tower of Mastery
35%
Ruby, Sapphire, Emerald Hoenn Trainer Hill
35%
Omega Ruby, Alpha Sapphire Hoenn Trainer Hill
35%
Diamond, Pearl, Platinum Sinnoh Veilstone Department Store
35%
Brilliant Diamond, Shining Pearl Sinnoh Veilstone Department Store
35%
Sun, Moon Alola Aether Paradise
34%
Ultra Sun, Ultra Moon Alola Aether Paradise
34%
Diamond, Pearl, Platinum Sinnoh Battle Zone
34%
Brilliant Diamond, Shining Pearl Sinnoh Battle Zone
34%
FireRed, LeafGreen Sevii Islands Cape Brink
34%
FireRed, LeafGreen Sevii Islands Lost Cave
34%
Diamond, Pearl, Platinum Sinnoh Maniac Tunnel
34%
Brilliant Diamond, Shining Pearl Sinnoh Maniac Tunnel
34%
Gold, Silver, Crystal Kanto Mt. Moon Square
34%
Heart Gold, Soul Silver Kanto Mt. Moon Square
34%
FireRed, LeafGreen Sevii Islands Outcast Island
34%
Diamond, Pearl, Platinum Sinnoh Sendoff Spring
34%
Brilliant Diamond, Shining Pearl Sinnoh Sendoff Spring
34%
FireRed, LeafGreen Sevii Islands Trainer Tower
34%
Ruby, Sapphire, Emerald Hoenn Ancient Tomb
33%
Omega Ruby, Alpha Sapphire Hoenn Ancient Tomb
33%
Omega Ruby, Alpha Sapphire Hoenn Battle Resort
33%
Sun, Moon Alola Battle Tree
33%
Ultra Sun, Ultra Moon Alola Battle Tree
33%
Scarlet, Violet Unova Blueberry Academy
33%
Black, White Unova Entralink
33%
Black 2, White 2 Unova Entralink
33%
FireRed, LeafGreen Sevii Islands Kindle Road
33%
Ruby, Sapphire, Emerald Hoenn Lilycove Department Store
33%
Omega Ruby, Alpha Sapphire Hoenn Lilycove Department Store
33%
Gold, Silver, Crystal Johto Mt. Silver Cave
33%
Heart Gold, Soul Silver Johto Mt. Silver Cave
33%
Brilliant Diamond, Shining Pearl Sinnoh Ramanas Park
33%
Heart Gold, Soul Silver Johto Safari Zone Gate
33%
Sword, Shield Galar Slumbering Weald
33%
Ultra Sun, Ultra Moon Ultra Space (Ultra Sun) Ultra Forest
33%
X, Y Kalos Friend Safari
32%
Sword, Shield Galar Hulbury
32%
Diamond, Pearl, Platinum Sinnoh Oreburgh Mining Museum
32%
Brilliant Diamond, Shining Pearl Sinnoh Oreburgh Mining Museum
32%
FireRed, LeafGreen Sevii Islands Pattern Bush
32%
FireRed, LeafGreen Sevii Islands Sevault Canyon
32%
Sword, Shield Galar Spikemuth
32%
Black 2, White 2 Unova Strange House
32%
Sun, Moon Alola Vast Poni Canyon
32%
Ultra Sun, Ultra Moon Alola Vast Poni Canyon
32%
FireRed, LeafGreen Sevii Islands Water Labyrinth
32%
Scarlet, Violet Paldea Area Zero Underdepths
31%
Sword, Shield Galar Axew's Eye
31%
Diamond, Pearl, Platinum Sinnoh (Diamond, Pearl) Battle Park
31%
Brilliant Diamond, Shining Pearl Sinnoh Battle Park
31%
Diamond, Pearl, Platinum Sinnoh Galactic Warehouse
31%
Brilliant Diamond, Shining Pearl Sinnoh Galactic Warehouse
31%
Sword, Shield Galar Lake of Outrage
31%
FireRed, LeafGreen Sevii Islands Memorial Pillar
31%
Scarlet, Violet Paldea Mesagoza
31%
X, Y Kalos Parfum Palace
31%
Red, Green, Blue, Yellow Kanto Pokémon League Reception Gate
31%
Gold, Silver, Crystal Kanto Pokémon League Reception Gate
31%
FireRed, LeafGreen Kanto Pokémon League Reception Gate
31%
Heart Gold, Soul Silver Kanto Pokémon League Reception Gate
31%
Let's Go, Pikachu, Let's Go, Eevee Kanto Pokémon League Reception Gate
31%
Black, White Unova Poké Transfer Lab
31%
Black 2, White 2 Unova Poké Transfer Lab
31%
X, Y Kalos Prism Tower
31%
FireRed, LeafGreen Sevii Islands Rocket Warehouse
31%
X, Y Kalos Rouge Plaza
31%
Diamond, Pearl, Platinum Sinnoh Seabreak Path
31%
Brilliant Diamond, Shining Pearl Sinnoh Seabreak Path
31%
Ruby, Sapphire, Emerald Hoenn Seaside Cycling Road
31%
Omega Ruby, Alpha Sapphire Hoenn Seaside Cycling Road
31%
Legends: Arceus Hisui Spring Path
31%
FireRed, LeafGreen Sevii Islands Water Path
31%
X, Y Kalos Anistar Sundial
30%
FireRed, LeafGreen Sevii Islands Canyon Entrance
30%
Heart Gold, Soul Silver Johto Cliff Cave
30%
Heart Gold, Soul Silver Johto Cliff Edge Gate
30%
Legends: Arceus Hisui Coronet Highlands
30%
X, Y Kalos Terminus Cave
30%
X, Y Kalos Unknown Dungeon
30%
Diamond, Pearl, Platinum Sinnoh Veilstone Game Corner
30%
Brilliant Diamond, Shining Pearl Sinnoh Veilstone Game Corner
30%
X, Y Kalos Autumnal Avenue
29%
X, Y Kalos Berry Fields
29%
Sun, Moon Alola Berry Fields
29%
Ultra Sun, Ultra Moon Alola Berry Fields
29%
X, Y Kalos Camphrier Town
29%
FireRed, LeafGreen Sevii Islands Five Isle Meadow
29%
Heart Gold, Soul Silver Johto Frontier Access
29%
X, Y Kalos Frost Cavern
29%
Diamond, Pearl, Platinum Sinnoh Galactic Veilstone Building
29%
Brilliant Diamond, Shining Pearl Sinnoh Galactic Veilstone Building
29%
FireRed, LeafGreen Sevii Islands Green Path
29%
Ruby, Sapphire, Emerald Hoenn Mauville Game Corner
29%
Sword, Shield Galar Max Lair
29%
Omega Ruby, Alpha Sapphire Hoenn Secret Islet
29%
Diamond, Pearl, Platinum Sinnoh Super Contest Hall
29%
Brilliant Diamond, Shining Pearl Sinnoh Super Contest Hall
29%
FireRed, LeafGreen Sevii Islands Tanoby Chambers
29%
FireRed, LeafGreen Sevii Islands Three Isle Port
29%
Diamond, Pearl, Platinum Sinnoh Vista Lighthouse
29%
Brilliant Diamond, Shining Pearl Sinnoh Vista Lighthouse
29%
X, Y Kalos Azure Bay
28%
X, Y Kalos Couriway Town
28%
X, Y Kalos Hibernal Avenue
28%
Ruby, Sapphire, Emerald Hoenn Lilycove Museum
28%
Omega Ruby, Alpha Sapphire Hoenn Lilycove Museum
28%
Sun, Moon Alola Lush Jungle
28%
Ultra Sun, Ultra Moon Alola Lush Jungle
28%
FireRed, LeafGreen Sevii Islands Resort Gorgeous
28%
X, Y Kalos Sea Spirit's Den
28%
Ultra Sun, Ultra Moon Ultra Space (Ultra Moon) Ultra Crater
28%
Scarlet, Violet Paldea Cabo Poco
27%
Sun, Moon Alola Heahea City
27%
Ultra Sun, Ultra Moon Alola Heahea City
27%
FireRed, LeafGreen Sevii Islands Joyful Game Corner
27%
Sun, Moon Alola (Sun) Lake of the Moone
27%
Ultra Sun, Ultra Moon Alola (Ultra Sun) Lake of the Moone
27%
Sun, Moon Alola (Moon) Lake of the Sunne
27%
Ultra Sun, Ultra Moon Alola (Ultra Moon) Lake of the Sunne
27%
X, Y Kalos Lost Hotel
27%
Legends: Arceus Hisui Obsidian Fieldlands
27%
Black 2, White 2 Unova Pledge Grove
27%
Scarlet, Violet Paldea Poco Path
27%
Omega Ruby, Alpha Sapphire Hoenn Secret Meadow
27%
Omega Ruby, Alpha Sapphire Hoenn Secret Shore
27%
X, Y Kalos Team Flare Secret HQ
27%
FireRed, LeafGreen Sevii Islands Three Isle Path
27%
Ultra Sun, Ultra Moon Ultra Space (Ultra Sun) Ultra Jungle
27%
Black 2, White 2 Unova Underground Ruins
27%
X, Y Kalos Battle Institute
26%
Diamond, Pearl, Platinum Sinnoh Hotel Grand Lake
26%
Brilliant Diamond, Shining Pearl Sinnoh Hotel Grand Lake
26%
Sun, Moon Alola Aether House
25%
Ultra Sun, Ultra Moon Alola Aether House
25%
X, Y Kalos Baa de Mer Ranch
25%
Sun, Moon Alola Konikoni City
25%
Ultra Sun, Ultra Moon Alola Konikoni City
25%
Ultra Sun, Ultra Moon Ultra Space (Ultra Moon) Ultra Desert
25%
X, Y Kalos Ambrette Aquarium
24%
Diamond, Pearl, Platinum Sinnoh (Platinum) Battleground
24%
X, Y Kalos Centrico Plaza
24%
Sun, Moon Alola Exeggutor Island
24%
Ultra Sun, Ultra Moon Alola Exeggutor Island
24%
Sword, Shield Galar Freezington
24%
Scarlet, Violet Paldea Los Platos
24%
Sun, Moon Alola Malie City
24%
Ultra Sun, Ultra Moon Alola Malie City
24%
Sword, Shield Galar Master Dojo
24%
Sword, Shield Galar Rose Tower
24%
FireRed, LeafGreen Sevii Islands Ruin Valley
24%
Sun, Moon Alola Trainer's School
24%
Ultra Sun, Ultra Moon Alola Trainer's School
24%
Ultra Sun, Ultra Moon Ultra Space Ultra Megalopolis
24%
Sword, Shield Galar East Lake Axewell
23%
X, Y Kalos Magenta Plaza
23%
X, Y Kalos North Boulevard
23%
Sun, Moon Alola Paniola Town
23%
Ultra Sun, Ultra Moon Alola Paniola Town
23%
X, Y Kalos South Boulevard
23%
Sun, Moon Alola Verdant Cavern
23%
Ultra Sun, Ultra Moon Alola Verdant Cavern
23%
X, Y Kalos Vert Plaza
23%
Sword, Shield Galar West Lake Axewell
23%
Sword, Shield Galar Giant's Seat
22%
Sun, Moon Alola Hu'oli Outskirts
22%
Ultra Sun, Ultra Moon Alola Hu'oli Outskirts
22%
Sun, Moon Alola Melemele Meadow
22%
Ultra Sun, Ultra Moon Alola Melemele Meadow
22%
Sun, Moon Alola Melemele Sea
22%
Ultra Sun, Ultra Moon Alola Melemele Sea
22%
Sun, Moon Alola Mount Hokulani
22%
Ultra Sun, Ultra Moon Alola Mount Hokulani
22%
Sun, Moon Alola Poké Pelago
22%
Ultra Sun, Ultra Moon Alola Poké Pelago
22%
Sun, Moon Alola Ruins of Conflict
22%
Ultra Sun, Ultra Moon Alola Ruins of Conflict
22%
Sun, Moon Alola Ruins of Life
22%
Ultra Sun, Ultra Moon Alola Ruins of Life
22%
Sun, Moon Alola Tapu Village
22%
Ultra Sun, Ultra Moon Alola Tapu Village
22%
Ultra Sun, Ultra Moon Ultra Space Ultra Ruin
22%
Ultra Sun, Ultra Moon Ultra Space Ultra Space Wilds
22%
Sun, Moon Alola Wela Volcano Park
22%
Ultra Sun, Ultra Moon Alola Wela Volcano Park
22%
X, Y Kalos Bleu Plaza
21%
X, Y Kalos Estival Avenue
21%
Legends: Arceus Hisui Galaxy Hall
21%
Sword, Shield Galar Motostoke Outskirts
21%
Sun, Moon Alola Seafolk Village
21%
Ultra Sun, Ultra Moon Alola Seafolk Village
21%
Ultra Sun, Ultra Moon Ultra Space Ultra Deep Sea
21%
Ultra Sun, Ultra Moon Ultra Space Ultra Plant
21%
Sword, Shield Galar Wyndon Stadium
21%
Legends: Arceus Hisui Alabaster Icelands
20%
X, Y Kalos Chamber of Emptiness
20%
Sword, Shield Galar Dusty Bowl
20%
Sword, Shield Galar Giant's Bed
20%
Sword, Shield Galar Giant's Foot
20%
Sun, Moon Alola Hokulani Observatory
20%
Ultra Sun, Ultra Moon Alola Hokulani Observatory
20%
X, Y Kalos Lumiose Museum
20%
Sword, Shield Galar North Lake Miloch
20%
Sun, Moon Alola Paniola Ranch
20%
Ultra Sun, Ultra Moon Alola Paniola Ranch
20%
Sun, Moon Alola Poni Meadow
20%
Ultra Sun, Ultra Moon Alola Poni Meadow
20%
Sword, Shield Galar Route 9 Tunnel
20%
Sun, Moon Alola Ruins of Abundance
20%
Ultra Sun, Ultra Moon Alola Ruins of Abundance
20%
Sun, Moon Alola Ruins of Hope
20%
Ultra Sun, Ultra Moon Alola Ruins of Hope
20%
X, Y Kalos Shabboneau Castle
20%
Sword, Shield Galar South Lake Miloch
20%
Sun, Moon Alola Ten Carat Hill
20%
Ultra Sun, Ultra Moon Alola Ten Carat Hill
20%
Sun, Moon Alola Thrifty Megamart
20%
Ultra Sun, Ultra Moon Alola Thrifty Megamart
20%
Sun, Moon Alola Thrifty Megamart (Abandoned Site)
20%
Ultra Sun, Ultra Moon Alola Thrifty Megamart (Abandoned Site)
20%
Sun, Moon Alola Ula'ula Meadow
20%
Ultra Sun, Ultra Moon Alola Ula'ula Meadow
20%
Scarlet, Violet Paldea (Violet) Uva Academy
20%
Legends: Arceus Hisui Crimson Mirelands
19%
Sword, Shield Galar Hammerlocke Hills
19%
Sword, Shield Galar Iron Ruins
19%
Sword, Shield Galar Meetup Spot
19%
Scarlet, Violet Paldea South Province (Area One)
19%
Scarlet, Violet Paldea South Province (Area Three)
19%
Scarlet, Violet Paldea South Province (Area Two)
19%
Legends: Arceus Hisui Cobalt Coastlands
18%
Sword, Shield Galar Dyna Tree Hill
18%
Scarlet, Violet Paldea East Province (Area One)
18%
Scarlet, Violet Paldea East Province (Area Three)
18%
Scarlet, Violet Paldea East Province (Area Two)
18%
X, Y Kalos Jaune Plaza
18%
Sun, Moon Alola Kantonian Gym
18%
Ultra Sun, Ultra Moon Alola Kantonian Gym
18%
X, Y Kalos Lumiose Station
18%
Sun, Moon Alola Malie Garden
18%
Ultra Sun, Ultra Moon Alola Malie Garden
18%
Scarlet, Violet Paldea (Scarlet) Naranja Academy
18%
Scarlet, Violet Paldea North Province (Area One)
18%
Scarlet, Violet Paldea North Province (Area Three)
18%
Scarlet, Violet Paldea North Province (Area Two)
18%
Sword, Shield Galar Rolling Fields
18%
Scarlet, Violet Paldea South Province (Area Five)
18%
Scarlet, Violet Paldea South Province (Area Four)
18%
Scarlet, Violet Paldea South Province (Area Six)
18%
X, Y Kalos Vernal Avenue
18%
Sword, Shield Galar Watchtower Ruins
18%
Scarlet, Violet Paldea West Province (Area One)
18%
Scarlet, Violet Paldea West Province (Area Three)
18%
Scarlet, Violet Paldea West Province (Area Two)
18%
Sun, Moon Alola Akala Outskirts
17%
Ultra Sun, Ultra Moon Alola Akala Outskirts
17%
Scarlet, Violet Paldea Cascarrafa
17%
Sword, Shield Galar Dappled Grove
17%
Sun, Moon Alola Hau'oli Cemetery
17%
Ultra Sun, Ultra Moon Alola Hau'oli Cemetery
17%
Scarlet, Violet Paldea Levincia
17%
Sword, Shield Galar Motostoke Riverbank
17%
Legends: Arceus Hisui Prelude Beach
17%
Scarlet, Violet Paldea Zero Lab
17%
Scarlet, Violet Paldea Artazon
16%
Sword, Shield Galar Bridge Field
16%
Sun, Moon Alola Brooklet Hill
16%
Ultra Sun, Ultra Moon Alola Brooklet Hill
16%
Scarlet, Violet Unova Chargestone Cavern
16%
Scarlet, Violet Paldea Cortondo
16%
Sword, Shield Galar Giant's Cap
16%
Sword, Shield Galar Giant's Mirror
16%
Sword, Shield Galar Macro Cosmos Energy Plant
16%
Sun, Moon Alola Mahalo Trail
16%
Ultra Sun, Ultra Moon Alola Mahalo Trail
16%
Scarlet, Violet Paldea Medali
16%
Sword, Shield Galar Old Cemetery
16%
Sun, Moon Alola Poni Wilds
16%
Ultra Sun, Ultra Moon Alola Poni Wilds
16%
Ultra Sun, Ultra Moon Ultra Space Rocky World
16%
Legends: Arceus Hisui Temple of Sinnoh
16%
Legends: Arceus Hisui Ursa's Ring
16%
Legends: Arceus Hisui Aipom Hill
15%
Scarlet, Violet Paldea East Paldean Sea
15%
Sword, Shield Galar Forest of Focus
15%
Sword, Shield Galar Frigid Sea
15%
Sword, Shield Galar Honeycalm Sea
15%
Sword, Shield Galar Loop Lagoon
15%
Scarlet, Violet Paldea North Paldean Sea
15%
Scarlet, Violet Paldea South Paldean Sea
15%
Scarlet, Violet Paldea West Paldean Sea
15%
Sword, Shield Galar Workout Sea
15%
Scarlet, Violet Paldea Alfornada
14%
Sun, Moon Alola Ancient Poni Path
14%
Ultra Sun, Ultra Moon Alola Ancient Poni Path
14%
Legends: Arceus Hisui Avalugg's Legacy
14%
Sun, Moon Alola Battle Royal Dome
14%
Ultra Sun, Ultra Moon Alola Battle Royal Dome
14%
Ultra Sun, Ultra Moon Alola Big Wave Beach
14%
Sun, Moon Alola Blush Mountain
14%
Ultra Sun, Ultra Moon Alola Blush Mountain
14%
Legends: Arceus Hisui Canala Avenue
14%
Ultra Sun, Ultra Moon Ultra Space Cliff World
14%
Scarlet, Violet Unova Coastal Biome
14%
Legends: Arceus Hisui Diamond Settlement
14%
Sword, Shield Galar Fields of Honor
14%
Sun, Moon Alola Hano Grand Resort
14%
Ultra Sun, Ultra Moon Alola Hano Grand Resort
14%
Sword, Shield Galar Iceberg Ruins
14%
Sun, Moon Alola Kala'e Bay
14%
Ultra Sun, Ultra Moon Alola Kala'e Bay
14%
Scarlet, Violet Paldea Montenevera
14%
Legends: Arceus Hisui Pearl Settlement
14%
Ultra Sun, Ultra Moon Alola Pikachu Valley
14%
Scarlet, Violet Unova Polar Biome
14%
Sun, Moon Alola Poni Breaker Coast
14%
Ultra Sun, Ultra Moon Alola Poni Breaker Coast
14%
Sun, Moon Alola Poni Gauntlet
14%
Ultra Sun, Ultra Moon Alola Poni Gauntlet
14%
Sun, Moon Alola Poni Grove
14%
Ultra Sun, Ultra Moon Alola Poni Grove
14%
Sun, Moon Alola Poni Plains
14%
Ultra Sun, Ultra Moon Alola Poni Plains
14%
Legends: Arceus Hisui Ramanas Island
14%
Sword, Shield Galar Rock Peak Ruins
14%
Sun, Moon Alola Royal Avenue
14%
Ultra Sun, Ultra Moon Alola Royal Avenue
14%
Sword, Shield Galar Split-Decision Ruins
14%
Scarlet, Violet Unova Terarium
14%
Sword, Shield Galar Tower of Darkness
14%
Sword, Shield Galar Tower of Waters
14%
Ultra Sun, Ultra Moon Ultra Space Water World
14%
Scarlet, Violet Paldea Zapapico
14%
Scarlet, Violet Unova Canyon Biome
13%
Ultra Sun, Ultra Moon Ultra Space Cave World
13%
Sun, Moon Alola Farthest Hollow
13%
Ultra Sun, Ultra Moon Alola Farthest Hollow
13%
Legends: Arceus Hisui Floaro Gardens
13%
Scarlet, Violet Paldea Great Crater of Paldea
13%
Sword, Shield Galar Honeycalm Island
13%
Scarlet, Violet Kitakami Kitakami Hall
13%
Ultra Sun, Ultra Moon Ultra Space Megalo Tower
13%
Sword, Shield Galar Path to the Peak
13%
Sun, Moon Alola Poni Coast
13%
Ultra Sun, Ultra Moon Alola Poni Coast
13%
Scarlet, Violet Paldea Porto Marinada
13%
Sword, Shield Galar Potbottom Desert
13%
Scarlet, Violet Unova Canyon Plaza
12%
Scarlet, Violet Paldea Casseroya Lake
12%
Legends: Arceus Hisui Celestica Ruins
12%
Sword, Shield Galar Challenge Road
12%
Scarlet, Violet Unova Coastal Plaza
12%
Sword, Shield Galar Crown Shrine
12%
Legends: Arceus Hisui Floaro Main Streat
12%
Scarlet, Violet Paldea Glaseado Mountain
12%
Sun, Moon Alola Haina Desert
12%
Ultra Sun, Ultra Moon Alola Haina Desert
12%
Sun, Moon Alola Hano Beach
12%
Ultra Sun, Ultra Moon Alola Hano Beach
12%
Ultra Sun, Ultra Moon Alola Heahea Beach
12%
Legends: Arceus Hisui Horseshoe Plains
12%
Scarlet, Violet Paldea Inlet Grotto
12%
Sword, Shield Galar Insular Sea
12%
Sun, Moon Alola Memorial Hill
12%
Ultra Sun, Ultra Moon Alola Memorial Hill
12%
Scarlet, Violet Kitakami Mossui Town
12%
Legends: Arceus Hisui Obsidian Falls
12%
Scarlet, Violet Kitakami Oni Mountain
12%
Legends: Arceus Hisui Oreburrow Tunnel
12%
Ultra Sun, Ultra Moon Alola Plains Grotto
12%
Scarlet, Violet Unova Polar Plaza
12%
Ultra Sun, Ultra Moon Alola Poni Beach
12%
Sun, Moon Alola Resolution Cave
12%
Ultra Sun, Ultra Moon Alola Resolution Cave
12%
Legends: Arceus Hisui Sandgem Flats
12%
Ultra Sun, Ultra Moon Alola Sandy Cave
12%
Scarlet, Violet Unova Savanna Biome
12%
Scarlet, Violet Unova Savanna Plaza
12%
Sun, Moon Alola Secluded Shore
12%
Sword, Shield Galar Snowslide Slope
12%
Sword, Shield Galar Soothing Wetlands
12%
Scarlet, Violet Paldea Tagtree Thicket
12%
Sword, Shield Galar Tunnel to the Top
12%
Ultra Sun, Ultra Moon Alola Ula'ula Beach
12%
Scarlet, Violet Paldea Zero Gate
12%
Scarlet, Violet Paldea Alfornada Cavern
11%
Sword, Shield Galar Brawlers' Cave
11%
Scarlet, Violet Unova Central Plaza
11%
Sword, Shield Galar Challenge Beach
11%
Legends: Arceus Hisui Deertrack Heights
11%
Scarlet, Violet Kitakami Dreaded Den
11%
Sword, Shield Galar Lakeside Cave
11%
Scarlet, Violet Unova League Club Room
11%
Scarlet, Violet Paldea Leaking Tower of Paldea
11%
Sun, Moon Alola Malie Library
11%
Ultra Sun, Ultra Moon Alola Malie Library
11%
Scarlet, Violet Paldea Paldea's Highest Peak
11%
Sun, Moon Alola Seaward Cave
11%
Ultra Sun, Ultra Moon Alola Seaward Cave
11%
Sun, Moon Alola Shady House
11%
Ultra Sun, Ultra Moon Alola Shady House
11%
Sword, Shield Galar Stepping-Stone Sea
11%
Sword, Shield Galar Stony Wilderniss
11%
Sword, Shield Galar Three-Point Pass
11%
Scarlet, Violet Kitakami Timeless Woods
11%
Scarlet, Violet Unova Torchlit Labyrinth
11%
Legends: Arceus Hisui Veilstone Cape
11%
Legends: Arceus Hisui Wallflower
11%
Legends: Arceus Hisui Wayward Wood
11%
Scarlet, Violet Kitakami Apple Hills
10%
Scarlet, Violet Paldea Asado Desert
10%
Legends: Arceus Hisui Aspiration Hill
10%
Sword, Shield Galar Ballimere Lake
10%
Scarlet, Violet Paldea Caph Squad's Base
10%
Sword, Shield Galar Courageous Cavern
10%
Scarlet, Violet Kitakami Crystal Pool
10%
Legends: Arceus Hisui Deertrack Path
10%
Ultra Sun, Ultra Moon Alola Dividing Peak Tunnel
10%
Scarlet, Violet Kitakami Fellhorn Gorge
10%
Scarlet, Violet Paldea Grand Olive Orchard
10%
Legends: Arceus Hisui Grandtree Arena
10%
Scarlet, Violet Paldea Grasswither Shrine
10%
Scarlet, Violet Kitakami Kitakami Road
10%
Scarlet, Violet Kitakami Kitakami Wilds
10%
Scarlet, Violet Kitakami Loyalty Plaza
10%
Scarlet, Violet Paldea Million Volt Skyline
10%
Scarlet, Violet Paldea Navi Squad's Base
10%
Scarlet, Violet Kitakami Oni's Maw
10%
Sun, Moon Alola Recycling Plant
10%
Ultra Sun, Ultra Moon Alola Recycling Plant
10%
Scarlet, Violet Paldea Ruchbah Squad's Base
10%
Legends: Arceus Hisui Scarlet Bog
10%
Scarlet, Violet Paldea Segin Squad's Base
10%
Sword, Shield Galar Slippery Slope
10%
Scarlet, Violet Unova Terarium Core
10%
Sword, Shield Galar Training Lowlands
10%
Scarlet, Violet Paldea Treasure Eatery
10%
Sword, Shield Galar Warm-Up Tunnel
10%
Scarlet, Violet Kitakami Community Center
9%
Legends: Arceus Hisui Firespit Island
9%
Sword, Shield Galar Frostpoint Field
9%
Legends: Arceus Hisui Grueling Grove
9%
Legends: Arceus Hisui Heart's Crag
9%
Legends: Arceus Hisui Moonview Arena
9%
Scarlet, Violet Kitakami Mossfell Confluence
9%
Sword, Shield Galar Roaring-Sea Caves
9%
Scarlet, Violet Paldea Secluded Beach
9%
Legends: Arceus Hisui Worn Bridge
9%
Legends: Arceus Hisui Ancient Quarry
8%
Scarlet, Violet Paldea Casseroya Falls
8%
Scarlet, Violet Kitakami Chilling Waterhead
8%
Scarlet, Violet Paldea Colonnade Hollow
8%
Legends: Arceus Hisui Gapejaw Bog
8%
Legends: Arceus Hisui Golden Lowlands
8%
Legends: Arceus Hisui Heavenward Lookout
8%
Legends: Arceus Hisui Hibernal Cave
8%
Legends: Arceus Hisui Icepeak Arena
8%
Scarlet, Violet Paldea Icerend Shrine
8%
Legends: Arceus Hisui Molten Arena
8%
Scarlet, Violet Paldea Schedar Squad's Base
8%
Legends: Arceus Hisui Snowfall Hot Spring
8%
Legends: Arceus Hisui The Heartwood
8%
Legends: Arceus Hisui Arena's Approach
7%
Legends: Arceus Hisui Avalanche Slopes
7%
Legends: Arceus Hisui Bolderoll Slope
7%
Legends: Arceus Hisui Brava Arena
7%
Legends: Arceus Hisui Clamberclaw Cliffs
7%
Scarlet, Violet Paldea Dalizapa Passage
7%
Legends: Arceus Hisui Diamond Heath
7%
Scarlet, Violet Paldea Firescourge Shrine
7%
Scarlet, Violet Paldea Fury Falls
7%
Legends: Arceus Hisui Ginkgo Landing
7%
Legends: Arceus Hisui Glacier Terrace
7%
Scarlet, Violet Paldea Glaseado's Grasp
7%
Scarlet, Violet Paldea Gracia Stones
7%
Scarlet, Violet Paldea Groundblight Shrine
7%
Legends: Arceus Hisui Icepeak Cavern
7%
Legends: Arceus Hisui Lava Dome Sanctum
7%
Legends: Arceus Hisui Lunker's Lair
7%
Legends: Arceus Hisui Nature's Pantry
7%
Scarlet, Violet Kitakami Paradise Barrens
7%
Scarlet, Violet Kitakami Reveler's Road
7%
Legends: Arceus Hisui Sacred Plaza
7%
Legends: Arceus Hisui Secret Hollow
7%
Legends: Arceus Hisui Sludge Mound
7%
Scarlet, Violet Paldea Socarrat Trail
7%
Legends: Arceus Hisui Tidewater Dam
7%
Legends: Arceus Hisui Tranquility Cove
7%
Legends: Arceus Hisui Stonetooth Rows
6%
Legends: Arceus Hisui Tombolo Walk
6%
Legends: Arceus Hisui Windswept Run
6%
Scarlet, Violet Kitakami Wistful Fields
6%
Legends: Arceus Hisui Bather's Lagoon
5%
Legends: Arceus Hisui Crossing Slope
5%
Legends: Arceus Hisui Holm of Trials
5%
Legends: Arceus Hisui Ice Column Chamber
5%
Scarlet, Violet Kitakami Infernal Pass
5%
Legends: Arceus Hisui Islespy Shore
5%
Legends: Arceus Hisui Seagrass Haven
5%
Legends: Arceus Hisui Seaside Hollow
5%
Legends: Arceus Hisui Sonorous Path
5%
Legends: Arceus Hisui Stone Portal
5%
Legends: Arceus Hisui Bolderoll Ravine
4%
Legends: Arceus Hisui Bonechill Wastes
4%
Legends: Arceus Hisui Cloudcap Pass
4%
Legends: Arceus Hisui Cottonsedge Prairie
4%
Legends: Arceus Hisui Crevasse Passage
4%
Legends: Arceus Hisui Icebound Falls
4%
Legends: Arceus Hisui Lonely Spring
4%
Legends: Arceus Hisui Primeval Grotto
4%
Legends: Arceus Hisui Sand's Reach
4%
Legends: Arceus Hisui Shrouded Ruins
4%
Legends: Arceus Hisui Windbreak Stand
4%
Legends: Arceus Hisui Castaway Shore
3%
Legends: Arceus Hisui Cloudpool Ridge
3%
Legends: Arceus Hisui Dreadwood Haunt
3%
Legends: Arceus Hisui Droning Meadow
3%
Legends: Arceus Hisui Fabled Spring
3%
Legends: Arceus Hisui Hideaway Bay
3%
Legends: Arceus Hisui Tidal Passage
3%
Legends: Arceus Hisui Whiteout Valley
3%
No matching quizzes found
Score Distribution
Percent of People with Each Score
Percentile by Number Answered
Your Score History
You have not taken this quiz